<?xml version="1.0" encoding="UTF-8"?><?xml-stylesheet type="text/xsl" href="static/style.xsl"?><OAI-PMH xmlns="http://www.openarchives.org/OAI/2.0/" xmlns:xsi="http://www.w3.org/2001/XMLSchema-instance" xsi:schemaLocation="http://www.openarchives.org/OAI/2.0/ http://www.openarchives.org/OAI/2.0/OAI-PMH.xsd"><responseDate>2026-06-01T02:43:25Z</responseDate><request verb="GetRecord" identifier="oai:riuma.uma.es:10630/9638" metadataPrefix="marc">https://riuma.uma.es/rest/oai/request</request><GetRecord><record><header><identifier>oai:riuma.uma.es:10630/9638</identifier><datestamp>2026-02-03T12:38:42Z</datestamp><setSpec>com_10630_2254</setSpec><setSpec>col_10630_37957</setSpec></header><metadata><record xmlns="http://www.loc.gov/MARC21/slim" xmlns:dcterms="http://purl.org/dc/terms/" xmlns:doc="http://www.lyncode.com/xoai" xmlns:xsi="http://www.w3.org/2001/XMLSchema-instance" xsi:schemaLocation="http://www.loc.gov/MARC21/slim http://www.loc.gov/standards/marcxml/schema/MARC21slim.xsd">
   <leader>00925njm 22002777a 4500</leader>
   <datafield ind2=" " ind1=" " tag="042">
      <subfield code="a">dc</subfield>
   </datafield>
   <datafield ind2=" " ind1=" " tag="720">
      <subfield code="a">Brox-López, José Ramón</subfield>
      <subfield code="e">author</subfield>
   </datafield>
   <datafield ind2=" " ind1=" " tag="260">
      <subfield code="c">2015</subfield>
   </datafield>
   <datafield ind2=" " ind1=" " tag="520">
      <subfield code="a">* El capítulo 1 introduce resultados esenciales sobre los elementos skew de un anillo primo, necesarios en los capítulos 3 y 4.&#xd;
* En el capítulo 2 se demuestra que en un álgebra de Lie L libre de torsión 6, si a y b son elementos de L entonces [a,[b,L]]=0 si y solamente si [I(a),I(b)]=0.&#xd;
* El capítulo 3 clasifica los ideales internos Lie abelianos del álgebra de Lie de los elementos skew de un anillo primo con involución centralmente cerrado.&#xd;
* El capítulo 4 estudia los elementos Jordan c de un anillo primo con involución centralmente cerrado tales que c^3=0 pero c^2 es no nulo y demuestra, entre otros resultados, que su álgebra de Jordan asociada es un álgebra de Clifford</subfield>
   </datafield>
   <datafield ind1="8" ind2=" " tag="024">
      <subfield code="a">http://hdl.handle.net/10630/9638</subfield>
   </datafield>
   <datafield tag="653" ind2=" " ind1=" ">
      <subfield code="a">Lie, Álgebras de - Tesis doctorales</subfield>
   </datafield>
   <datafield tag="653" ind2=" " ind1=" ">
      <subfield code="a">Jordan, Álgebras de - Tesis doctorales</subfield>
   </datafield>
   <datafield ind2="0" ind1="0" tag="245">
      <subfield code="a">Jordan elements in Lie algebras and inner ideals in the skew elements of prime rings with involution</subfield>
   </datafield>
</record>
</metadata></record></GetRecord></OAI-PMH>